[Event "BEL-chT 2223"]
[Site "Belgium"]
[Date "2022.10.16"]
[Round "2.7"]
[White "Tiggelman, Rene"]
[Black "Delescaille, Laurent"]
[Result "1-0"]
[WhiteElo "2144"]
[BlackElo "1789"]
[PlyCount "103"]
[EventDate "2022.09.25"]
[EventType "team-tourn"]
[EventRounds "11"]
[EventCountry "BEL"]
[SourceTitle "EXT 2024"]
[Source "ChessBase"]
[SourceDate "2023.10.10"]
[SourceVersion "1"]
[SourceVersionDate "2023.10.10"]
[SourceQuality "1"]
[WhiteTeam "Wetteren"]
[BlackTeam "Charleroi CREC"]
[WhiteTeamCountry "BEL"]
[BlackTeamCountry "BEL"]

1. Nf3 Nf6 2. c4 d5 3. cxd5 Nxd5 4. Nc3 g6 5. d4 Bg7 6. e4 Nxc3 7. bxc3 c5 8. Be3 Nc6 9. Qd2 Qa5 10. Rc1 cxd4 11. cxd4 Qxd2+ 12. Kxd2 a6 13. d5 Ne5 14. Nxe5 Bxe5 15. f4 Bd6 16. Bc4 Bd7 17. e5 Bb4+ 18. Ke2 Bb5 19. Bxb5+ axb5 20. Rc2 Kd7 21. Rb1 Ra4 22. Rcb2 Ba5 23. Rxb5 Rxa2+ 24. Kf3 b6 25. Bxb6 Bxb6 26. Rxb6 Rc8 27. Rb7+ Ke8 28. Rb8 Rac2 29. R1b7 h5 30. Rxc8+ Rxc8 31. Rb3 Kd7 32. h3 Rc5 33. Rb7+ Kd8 34. Rb8+ Kd7 35. Rf8 Rxd5 36. Rxf7 Rd3+ 37. Ke2 Ra3 38. Rg7 Ra2+ 39. Kf3 Ra3+ 40. Kf2 Ra6 41. Rg8 Re6 42. Kg3 Kc6 43. Kh4 Kd5 44. Kg5 Ra6 45. Rxg6 Ra4 46. g3 Ke4 47. Kxh5 Kf5 48. Rg8 Ra3 49. Rf8+ Ke4 50. Kg4 e6 51. h4 Ra7 52. Rg8 1-0

[Event "Fourmies op 37th"]
[Site "Fourmies"]
[Date "2013.05.18"]
[Round "1"]
[White "Capone, Nicola"]
[Black "Delescaille, Laurent"]
[Result "1-0"]
[WhiteElo "2107"]
[BlackElo "1762"]
[PlyCount "51"]
[EventDate "2013.05.18"]
[EventType "swiss"]
[EventRounds "7"]
[EventCountry "FRA"]
[SourceTitle "CBM 154 Extra"]
[Source "ChessBase"]
[SourceDate "2013.06.25"]
[SourceVersion "2"]
[SourceVersionDate "2013.06.25"]
[SourceQuality "1"]

1. e4 c6 2. d4 d5 3. Nd2 dxe4 4. Nxe4 Nf6 5. Nxf6+ gxf6 6. Be3 Bf5 7. Bd3 Bxd3 8. Qxd3 e6 9. 0-0-0 Bg7 10. Ne2 Nd7 11. Nf4 Qa5 12. Qb3 0-0-0 13. Nd3 f5 14. Kb1 Rhg8 15. g3 Qb6 16. Qa4 Kb8 17. Qa3 Bf8 18. Nc5 Ka8 19. Rd3 Nxc5 20. dxc5 Rxd3 21. cxd3 Qd8 22. Rc1 Qd5 23. Rc4 b5 24. Rd4 Bxc5 25. Rxd5 Bxa3 26. Rd7 1-0